University Home | Library Home | Institutional Repository

Handbook of protein sequence analysis : (Record no. 95612)

MARC details
000 -LEADER
fixed length control field 01161cam0a220028900 4500
001 - CONTROL NUMBER
control field lce01093812
008 - FIXED-LENGTH DATA ELEMENTS--GENERAL INFORMATION
fixed length control field 791219s1980 enka b 001 0 eng
010 ## - LIBRARY OF CONGRESS CONTROL NUMBER
LC control number 79041487
015 ## - NATIONAL BIBLIOGRAPHY NUMBER
National bibliography number GB80
020 ## - INTERNATIONAL STANDARD BOOK NUMBER
Terms of availability L.24.00
035 ## - SYSTEM CONTROL NUMBER
System control number (Sirsi) r86964
035 ## - SYSTEM CONTROL NUMBER
System control number (DLC) 79041487
035 ## - SYSTEM CONTROL NUMBER
System control number (UPRA)lce01093812
050 0# - LIBRARY OF CONGRESS CALL NUMBER
Classification number QP551
Item number .C77 1980
082 ## - DEWEY DECIMAL CLASSIFICATION NUMBER
Classification number 547.7/5
100 1# - MAIN ENTRY--PERSONAL NAME
Personal name Croft, L. R.
Linkage A46362.1
245 10 - TITLE STATEMENT
Title Handbook of protein sequence analysis :
Remainder of title a compilation of amino acid sequences of proteins with an introduction to the methodology /
Statement of responsibility, etc. L. R. Croft.
250 ## - EDITION STATEMENT
Edition statement 2d ed.
260 ## - PUBLICATION, DISTRIBUTION, ETC.
Place of publication, distribution, etc. Chichester [Eng.] ; New York :
-- Chichester [Eng.] ; New York :
Name of publisher, distributor, etc. J. Wiley,
Date of publication, distribution, etc. c1980.
500 ## - GENERAL NOTE
General note First ed. published in 1973 under title: Handbook of protein sequences.
500 ## - GENERAL NOTE
General note "A Wiley-Interscience publication."
504 ## - BIBLIOGRAPHY, ETC. NOTE
Bibliography, etc. note Includes bibliographical references and indexes.
650 #0 - SUBJECT ADDED ENTRY--TOPICAL TERM
Topical term or geographic name entry element Proteins -- Analysis -- Tables.
General subdivision Proteins -- Analysis -- Tables.
-- Proteins -- Analysis -- Tables.
Linkage S35746.1
650 #0 - SUBJECT ADDED ENTRY--TOPICAL TERM
Topical term or geographic name entry element Amino acids -- Tables.
General subdivision Amino acids -- Tables.
Linkage S12289.1
949 ## - LOCAL PROCESSING INFORMATION (OCLC)
a QP551
w lcc
i -121093
m MAIN
t BOOK
l ON-SHELF

No items available.

© 2026 - The University of Zambia Library - Koha v25.11